000 00637nam a22001937a 4500
999 _c168307
_d168307
005 20191003154348.0
010 _aUR-10519
020 _c100.00
_a-
035 _aU-9074
037 _bDBAD/PUB
_a-
082 _a841
100 _aعطا الر حمن طا ر ق
245 _aد ھا نی د ھا نی
_cعطا الر حمن طا ر ق
246 _bDhani Dhani (Urdu)
_aBy Attaur Rehman Tariqu
260 _aMumbai
_bAdshot Publications
_c2004 ء
270 _a104-B,Asmita Ascon III Naya Nagar Mira Road,E
_bMumbai
_e401107
_k28110972
_l-
300 _a128 ص
_c22 Cm(Hb)
942 _2ddc
_cUR
_h841
_mع ط ا